Statystyki dla Flagi prowincji Holandii

Kliknij tutaj aby rozwiązać quiz!

Ogólne statystyki

  • Ten quiz został rozwiązany 47 razy
  • Średni wynik to 4 z 12

Statystyki odpowiedzi

Odpowiedź% Poprawnych
Fryzja
89%
Zelandia
56%
Brabancja Północna
33%
Drenthe
33%
Flevoland
33%
Groningen
33%
Utrecht
33%
Geldria
22%
Holandia Północna
22%
Holandia Południowa
22%
Limburgia
11%
Overijssel
11%

Rozkład punktacji

Percentyl według liczby udzielonych odpowiedzi

Procent ludzi z każdym wynikiem

Twoja historia wyników

Nie rozwiązałeś tego quizu